00678nam a2200217Ia 4500003000900000008004100009040001600050080001600066100001900082245003000101260003900131300001000170490005200180650002800232650001900260650001900279650002300298942000700321999001500328952011700343IN-BaIIA211028s9999 xx 000 0 eng d cIIA Library a539.19bDEB aDebye, P97029 0aPolar moleculescP. Debye aNew YorkbDover Publicationsc1929 a172p. aDover books on chemistry and physical chemistry aMolecular physics91914 aNASA thesaurus aPolarity97030 aPolarization95652 cBK c3963d3963 00104070aBANbBANcGENd1972-08-09g13.50l0o539.19/ DEBp4425r2021-11-05v13.50w1972-08-09yBKGRs. 13.50